Statistics for Famous Swedes - Picture Quiz

Click here to take the quiz!

General Stats

  • This quiz has been taken 205 times
  • The average score is 8 of 16

Answer Stats

Answer% Correct
Ingrid Bergman
79%
Alfred Nobel
74%
Zlatan Ibrahimovic
73%
Dolph Lundgren
65%
Greta Garbo
63%
Olof Palme
56%
Björn Borg
55%
Crown Princess Victoria
55%
Alicia Vikander
45%
Selma Lagerlöf
45%
Max von Sydow
41%
August Strindberg
40%
Carolina Klüft
36%
Peter Stormare
29%
Britt Ekland
27%
Anita Ekberg
19%

Score Distribution

Percentile by Number Answered

Percent of People with Each Score

Your Score History

You have not taken this quiz